Extrinsic geometry of convex surfaces /

Guardado en:
Autor Principal: Pogorelov, A. V. 1919-
Formato: Libro
Idioma:English
Russian
Publicado: Jerusalem : Israel Program for Scientific Translations, 1973.
Materias:
Etiquetas: Agregar Etiqueta
Sin Etiquetas, Sea el primero en etiquetar este registro!
LEADER 01012cam a2200253 a 4500
001 MAT.inmabb003191
008 721113s1973####is#a#####b####001#0#eng##
005 20110419165447.0
245 1 0 |a Extrinsic geometry of convex surfaces /  |c A. V. Pogorelov. 
260 |a Jerusalem :  |b Israel Program for Scientific Translations,  |c 1973. 
300 |a vi, 669 p. :  |b il. ;  |c 24 cm. 
500 |a Traducción de: Vneshniaia geometriia vypuklykh poverkhnostei. 1969. 
500 |a "Translated on behalf of the American Mathematical Society by D. Louvish, Israel Program for Scientific Translations". 
504 |a Bibliografía: p. 660-663. 
510 4 |a MR,  |c 39 #6222  |3 (de la versión orginal) 
020 |a 0706512618 
100 1 |a Pogorelov, A. V.  |q (Aleksei Vasil´evich),  |d 1919- 
240 1 0 |a Vneshniaia geometriia vypuklykh poverkhnostei.  |l Inglés 
650 0 |a Convex surfaces. 
084 |a 53C45  |2 MR 
010 |a  72011851  
040 |a DLC  |c DLC  |d DLC 
041 1 |a eng  |h rus 
859 |h 53  |i P746e  |p A-4638  |b BIB. MATEMATICA